Élimination par catégorie - Films 2 - Statistiques

Statistiques générales
  • Ce quiz a été pris 2 778 fois
  • Le résultat moyen est 12 sur 20
Statistiques - réponses
Groupe # Catégorie % Correct
Vert 31 Film avec Di Caprio
100%
Bleu 42 Film avec Omar Sy
91%
Vert 10 … sorti après 2009
89%
Bleu 24 ... sorti avant 2015
87%
Violet 38 Film avec Jim Carrey
80%
Violet 25 ... avant 2005
78%
Violet 18 ... étant une comédie
72%
Violet 8 ... dans les années 90
69%
Bleu 14 ... avec deux mots ou moins dans le titre
63%
Orange 38 Film avec Tom Hardy
61%
Bleu 6 ... ou il joue un des rôles principaux
61%
Orange 19 ... sorti après 2010
60%
Vert 4 … où il n'est pas le seul personnage principal
58%
Vert 2 ... réalisé par Tarantino
53%
Vert 1 … où il n'apparait pas dès le début de l'histoire Django Unchained
36%
Orange 15 ... n'étant pas un film de super-héros
35%
Orange 4 ... ayant minimum 4/5 sur Allo ciné (Notes spectateur)
27%
Violet 1 ... dans lequel il incarne un avocat Menteur-Menteur
22%
Orange 1 ... sorti en 2015 Mad Max: Fury Road
22%
Bleu 1 … ou il incarne un émigré sénégalais sans papiers Samba
17%
Aucun quiz correspondant
Distribution des résultats
% des personnes avec chaque résultat
Percentile par nombre de réponses
Votre historique - résultats
Vous n’avez pas pris ce quiz